000 00394nam a2200169Ia 4500
005 20240823062915.0
008 240823s9999||||xx |||||||||||||| ||und||
082 _A621.3132 N3
100 _aRajput R K
245 0 _aDirect Current Machines
250 _a1st
260 _c1993
_b"Laxmi,New Delhi"
500 _aYES
650 _aElectronics
_bElectronics
942 _cBK
999 _c236995
_d236995